Mishing sanskriti (Record no. 2310)

MARC details
000 -LEADER
fixed length control field 00479cam a2200193ua 4500
001 - CONTROL NUMBER
control field 2455
005 - DATE AND TIME OF LATEST TRANSACTION
control field 20260515113512.0
008 - FIXED-LENGTH DATA ELEMENTS--GENERAL INFORMATION
fixed length control field 110817n ii |||gr||||Z||||||asm
040 ## - CATALOGING SOURCE
Transcribing agency MAIN
082 ## - DEWEY DECIMAL CLASSIFICATION NUMBER
Classification number 398.09145
100 1# - MAIN ENTRY--PERSONAL NAME
Personal name Kuli, Jawahar Jyoti,
245 1# - TITLE STATEMENT
Title Mishing sanskriti
Statement of responsibility, etc. by Jawahar jyoti Kuli
250 ## - EDITION STATEMENT
Edition statement 1st.
260 ## - PUBLICATION, DISTRIBUTION, ETC.
Place of publication, distribution, etc. Dibrugarh:
Name of publisher, distributor, etc. Kaustubh Prakashan,
Date of publication, distribution, etc. 2009.
300 ## - PHYSICAL DESCRIPTION
Extent 123p:
Other physical details ill;
Dimensions 23cm.
653 ## - INDEX TERM--UNCONTROLLED
Uncontrolled term Folklore
653 ## - INDEX TERM--UNCONTROLLED
Uncontrolled term Assamese culture
942 ## - ADDED ENTRY ELEMENTS (KOHA)
Koha item type Books
Holdings
Withdrawn status Lost status Damaged status Not for loan Home library Current library Shelving location Date acquired Total checkouts Full call number Barcode Date last seen Date last checked out Copy number Price effective from Koha item type
        Naharkatiya College Library Naharkatiya College Library General stacks 09/19/2020 5 398.09145 | KUL 19850 06/03/2024 05/27/2024 1 09/19/2020 Books